| 000 | 00635cab a2200193 4500 | ||
|---|---|---|---|
| 001 | L149928 | ||
| 008 | 100517n20100424 000 0 eng u | ||
| 035 | _a(Sirsi) u149928 | ||
| 041 | 0 | _aeng | |
| 100 | 1 | _aCollingnon, Laura | |
| 245 | 0 | 0 | _aComing up against a brick wall |
| 260 | _c2010 | ||
| 490 | 0 |
_aEstates Gazette _v(1016) 24 April 2010, 100 (1) |
|
| 520 | _aVan Maanen v West Greenwich Development PLC (unreported) which held that an adjoining owners surveyor has no legal standing to sue the building owner for his fees. | ||
| 590 | _aKA | ||
| 651 | 4 |
_aUnited Kingdom _y |
|
| 690 | _aPARTY WALL ETC ACT 1996 | ||
| 942 | _n0 | ||
| 999 |
_c82333 _d82333 |
||